[Event "Struga Lake Queen op"]
[Site "Struga"]
[Date "2019.09.08"]
[Round "3"]
[White "Ajradinoska, Indzi"]
[Black "Isteri, Daniel"]
[Result "1/2-1/2"]
[WhiteElo "1071"]
[BlackElo "1145"]
[PlyCount "46"]
[EventDate "2019.09.07"]
[EventType "swiss"]
[EventRounds "7"]
[EventCountry "MKD"]
[SourceTitle "EXT 2020"]
[Source "ChessBase"]
[SourceDate "2019.10.17"]
[SourceVersion "1"]
[SourceVersionDate "2019.10.17"]
[SourceQuality "1"]

1. d4 d5 2. c4 e6 3. Nc3 Nf6 4. Bg5 Be7 5. e3 Nc6 6. Nf3 Qd6 7. c5 Qd8 8. Bb5 Bd7 9. 0-0 a6 10. Bxc6 Bxc6 11. Ne5 h6 12. Nxc6 bxc6 13. Bh4 Rb8 14. Qe2 Qc8 15. Rab1 Kd7 16. Bg3 g5 17. h4 Ne8 18. Qh5 gxh4 19. Bxh4 Bxh4 20. Qxh4 Qd8 21. Qxd8+ Rxd8 22. b4 Nf6 23. f3 Rhg8 1/2-1/2

[Event "Struga Lake Queen op"]
[Site "Struga"]
[Date "2019.09.08"]
[Round "4"]
[White "Isteri, Daniel"]
[Black "Giakoustidou, Evgenia"]
[Result "1/2-1/2"]
[WhiteElo "1145"]
[BlackElo "1019"]
[PlyCount "38"]
[EventDate "2019.09.07"]
[EventType "swiss"]
[EventRounds "7"]
[EventCountry "MKD"]
[SourceTitle "EXT 2020"]
[Source "ChessBase"]
[SourceDate "2019.10.17"]
[SourceVersion "1"]
[SourceVersionDate "2019.10.17"]
[SourceQuality "1"]

1. e4 c5 2. Nf3 d6 3. d4 cxd4 4. Nxd4 Nf6 5. Nc3 a6 6. Be2 e5 7. Nf3 b5 8. Bg5 Bb7 9. Qd3 Be7 10. 0-0-0 Nbd7 11. Bxf6 Nxf6 12. Rhe1 Qc7 13. Kb1 Rc8 14. Rd2 Qc4 15. Qxc4 bxc4 16. Rc1 0-0 17. g3 Rc6 18. Nd5 Nxd5 19. Rxd5 Rc5 1/2-1/2